| 000 | 00669nam a2200217Ia 4500 | ||
|---|---|---|---|
| 999 |
_c35999 _d35999 |
||
| 001 | 1898 | ||
| 003 | GE_BSU | ||
| 005 | 20221006120910.0 | ||
| 008 | 181216s2007ru xx |||||||||||||| ||rus|| | ||
| 020 | _a9785720508470 | ||
| 040 | _cGE_BSU | ||
| 041 | _arus | ||
| 080 | _a349.6(075.8) С-34 | ||
| 100 |
_aСиваков, Д.О. _915083 |
||
| 245 |
_aВодное право : _cД.О. Сиваков. _bУчебно - практическое пособие / |
||
| 264 |
_aМосква : _bЮстицинформ, _c2007 |
||
| 300 |
_a262 с. _b20 см. |
||
| 653 | _aВодное право | ||
| 653 | _aწყლის კანონი | ||
| 942 |
_cBK _2udc |
||